00305nam a2200121Ia 4500008004100000040001700041041001200058082001800070100002200088245001600110260003700126300002000163230917s9999||||xx |||||||||||||| ||und|| e184058aMAIN aEnglish a294.5925 S24A aBoard of Scholars 0aSiva-Purana aDelhibMotolal Banarsidassc1977 ax, 1069-1571 p.